Toán chuyên đề phân số và tỉ số lớp 4 và 5 Bồi dưỡng nâng cao
v.v...
Đã lưu trong:
| Tác giả chính: | |
|---|---|
| Định dạng: | Sách |
| Năm xuất bản: |
TP. Hồ Chí Minh
Nxb Trẻ
1997
|
| Chủ đề: | |
| Tags: |
Thêm thẻ
Không có thẻ, Hãy là người đầu tiên gắn thẻ bản ghi này!
|
| LEADER | 01262nam a2200253 4500 | ||
|---|---|---|---|
| 999 | |c 11033 |d 11033 | ||
| 082 | |a 372.7 |b PH104Đ | ||
| 100 | |a Phạm Đình Thực | ||
| 245 | |a Toán chuyên đề phân số và tỉ số lớp 4 và 5 |c Phạm Đình Thực |b Bồi dưỡng nâng cao | ||
| 260 | |a TP. Hồ Chí Minh |b Nxb Trẻ |c 1997 | ||
| 300 | |a 147 tr |c 21 cm. | ||
| 520 | |a v.v... | ||
| 653 | |a Giáo dục tiểu học | ||
| 653 | |a Toán học | ||
| 653 | |a Phân số | ||
| 653 | |a Tỉ số | ||
| 653 | |a Bài tập | ||
| 653 | |a Lớp 5 | ||
| 653 | |a Nâng cao | ||
| 942 | |2 ddc |c STK0 | ||
| 952 | |0 0 |1 0 |2 ddc |4 0 |6 372_700000000000000_PH104Đ |7 0 |8 300 |9 94954 |a qbu |b qbu |c D2 |d 2015-09-29 |g 9000 |o 372.7 PH104Đ |p 10897.c1 |r 0000-00-00 |w 2015-09-29 |y STK0 | ||
| 952 | |0 0 |1 0 |2 ddc |4 0 |6 372_700000000000000_PH104Đ |7 0 |8 300 |9 94955 |a qbu |b qbu |c D2 |d 2015-09-29 |g 9000 |l 1 |o 372.7 PH104Đ |p 10897.c2 |r 2017-04-03 |s 2017-03-29 |w 2015-09-29 |y STK0 | ||
| 952 | |0 0 |1 0 |2 ddc |4 0 |6 372_700000000000000_PH104Đ |7 0 |8 300 |9 94956 |a qbu |b qbu |c D2 |d 2015-09-29 |g 9000 |l 1 |o 372.7 PH104Đ |p 10897.c3 |r 2017-05-18 |s 2017-05-17 |w 2015-09-29 |y STK0 | ||
| 952 | |0 0 |1 0 |2 ddc |4 0 |6 372_700000000000000_PH104Đ |7 0 |8 300 |9 94957 |a qbu |b qbu |c D2 |d 2015-09-29 |g 9000 |l 1 |o 372.7 PH104Đ |p 10897.c4 |r 2017-04-14 |s 2017-04-04 |w 2015-09-29 |y STK0 | ||